00840cam a2200229 a 4500001000800000005001700008008004100025020001500066020002200081050002200103082001500125100003900140245010200179260007400281300003200355650001500387650002400402650003100426942001500457999001500472952012300487163395620250605083953.0960311r19961856stka b 001 0 eng  a1871828074 a0802842399 (pbk.)00aBT265b.C187 199600a232/.32201 aCampbell, John McLeod,d1800-1872.14aThe nature of the Atonement /cJ. McLeod Campbell ; with a new introduction by James B. Torrance. aEdinburgh :bHandsel Press ;aGrand Rapids, Mich. :bEerdmans,c1996. ax, 294 p. :bill. ;c23 cm. 0aAtonement. 0aForgiveness of sin. 0aFuture lifexChristianity. 2lcccBKn0 c6288d6288 00102lcc40708NFICaCUL1bCUL1cGENd2025-06-05l0oBT285 CAMpulct00003026r2025-06-05 08:41:41t1w2025-06-05yBK